00351nam a2200121Ia 4500008004100000041000800041082001700049100003400066245004500100260004800145300003100193365000500224240624s9999 xx 000 0 und d aeng a658.4092 HBS aHARVARD BUSINESS SCHOOL PRESS aHARVARD BUSINESS REVIEW ON DEVELOPING LE c2004aBostonbHarvard Business School Press avii, : 182 : p. : cm. ; 21 c